| 000 | 00515nam a22001697a 4500 | ||
|---|---|---|---|
| 005 | 20251108173529.0 | ||
| 008 | 250721s1996 xx 000 0 ara d | ||
| 082 | 1 | 4 | _a946/ حتا |
| 100 | 1 |
_aحتاملة، محمد عبده _eمؤلف |
|
| 245 | 1 | 0 | _aايبيريا قبل مجئ العرب المسلمين / |
| 264 | 1 |
_aعمان : _bالمؤلف، _c1996. |
|
| 300 | _a396ص. | ||
| 650 | 1 | 7 | _aتاريخ أسبانيا |
| 650 | 1 | 7 | _aتاريخ الأندلس 1492-711 |
| 942 |
_2ddc _cBK |
||
| 999 |
_c106099 _d106099 |
||